Gaming Quiz

Random Gaming or Minecraft Quiz

Minecraft items and blocks Quiz Stats

 Plays Quiz not verified by Sporcle

Challenge
Share
Tweet
Embed
Score 0/300 Timer 20:00
0 Plays Today
% Correct
Stone
88.4%
Dirt
85.3%
Diamond
84%
Cobblestone
82.1%
Tall Grass
78.3%
Grass Block
78.1%
Sand
77.5%
Wool
76.2%
Water
75.7%
Lava
75.5%
Coal
75.1%
Iron Ore
69.8%
Lapis Lazuli
68.6%
Gold Ore
68.5%
Glass
68.3%
Netherrack
68.1%
Oak Wood
67.2%
Bed
67%
Furnace
66.5%
Obsidian
66.3%
Crafting Table
66.1%
Birch Wood
65%
Chest
65%
Stick
64.3%
Brick
64.1%
Diamond Ore
63.7%
Clay Block
63.7%
Clay
63.7%
Air
63.5%
Bow
63.2%
Leather
63%
Pumpkin
62.8%
Iron Ingot
62.8%
Gravel
62.6%
Torch
62.6%
Flower Pot
62.6%
Diamond Sword
62.6%
Book
62.6%
Sandstone
62.4%
Door
61.7%
Redstone Ore
61.5%
Iron Sword
61.5%
Steak
61.1%
Block of Iron
60.6%
Block of Gold
60.2%
Golden Sword
59.7%
Emerald
59.7%
Fence
59.5%
Wooden Sword
59.5%
Cooked Porkchop
59.5%
Iron Hoe
59.3%
Arrow
59.1%
Gold Ingot
59.1%
Diamond Hoe
59.1%
Diamond Pickaxe
58.9%
Flint
58.9%
Bucket
58.9%
Bone
58.9%
Block of Diamond
58.6%
Diamond Axe
58.6%
Spruce Wood
58.6%
Iron Pickaxe
58.4%
Wooden Pickaxe
58.4%
Jungle Wood
58.4%
Rose
58%
Wooden Axe
57.8%
Diamond Shovel
57.8%
Coal Ore
57.3%
Gold Hoe
57.3%
DIamond Helmet
57.3%
Iron Axe
57.1%
Wheat
57.1%
Iron Helmet
56.9%
Melon
56.7%
Golden Pickaxe
56.7%
Wooden Hoe
56.7%
Iron Leggings
56.7%
Golden Axe
56.5%
Iron Boots
56.5%
Diamond Leggings
56.5%
Diamond Boots
56.5%
Pink Wool
56.3%
Diamond Chestplate
56.2%
Golden Helmet
56.2%
Red Wool
56.1%
Iron Shovel
56%
Black Wool
55.8%
Iron Chestplate
55.8%
Blue Wool
55.2%
Wooden Shovel
55.1%
Leather Cap
55.1%
Cake
54.9%
Stone Sword
54.7%
Golden Chestplate
54.7%
Rotten Flesh
54.7%
Golden Boots
54.5%
Sugar
54.5%
Oak Wood Planks
54.3%
Snow
54.3%
Golden Shovel
54.3%
% Correct
Leather Boots
54.3%
Button
54%
Apple
54%
Leather Tunic
54%
Golden Leggings
54%
Minecart
54%
Bookshelf
53.8%
Leather Pants
53.8%
Egg
53.8%
Green Wool
53.7%
TNT
53.6%
Yellow Wool
53.5%
Enchantment Table
53.2%
Stone Pickaxe
53.2%
Lever
53%
String
53%
Birch Wood Planks
52.8%
Glass Pane
52.5%
Moss Stone
52.3%
Redstone Torch
52.3%
Stone Hoe
52.3%
Nether Brick
52.1%
Bedrock
51.9%
Milk
51.9%
Stone Shovel
51.6%
Stone Axe
51.6%
Gunpowder
51.6%
Orange Wool
51.2%
Cactus
51.2%
Purple Wool
51%
Ender Pearl
51%
Dandelion
50.8%
Raw Beef
50.8%
Gray Wool
50.6%
Raw Porkchop
50.5%
Raw Chicken
50.5%
Spider Eye
50.5%
Stairs
50.3%
Sugar Cane
50.3%
Lapis Lazuli Ore
50.1%
Piston
49.5%
Seeds
49.5%
Ink Sac
49.4%
Fire
49.2%
Potatoes
49.2%
Blaze Rod
49.2%
Potion
49%
Pressure Plate
48.8%
Golden Apple
48.6%
Spruce Wood Planks
48.6%
Ice
48.4%
Cooked Chicken
48.4%
Soul Sand
48.1%
Bone Meal
48.1%
Bread
47.7%
Rose Red
47.7%
Feather
47.5%
Eye of Ender
47.5%
Magenta Wool
47.4%
Stone Bricks
47%
Emerald Ore
47%
Flint and Steel
46.8%
Gold Nugget
46.6%
Lime Wool
46.5%
Sugar Cane
46.4%
Redstone Repeater
46%
Cactus Green
45.9%
Paper
45.7%
Jack 'o' Lantern
45.5%
Slimeball
45.5%
Lapis Lazuli Block
45.3%
Dandelion Yellow
45.2%
Dispenser
44.9%
Red Mushroom
44.9%
Light Blue Wool
44.5%
Brown Wool
44.5%
Cyan Wool
44.5%
Light Gray Wool
44.5%
Block of Emerald
44.4%
Cocoa Beans
44.3%
Oak Sapling
44%
Slabs
44%
Compass
44%
Glowstone Dust
44%
Spruce Leaves
43.9%
Brown Mushroom
43.5%
Ghast Tear
43.5%
Pumpkin Pie
43.5%
Birch Sapling
43.4%
Brewing Stand
43.3%
Clock
43.3%
Mossy Stone Bricks
43.2%
Oak Leaves
42.9%
Painting
42.7%
Water Bucket
42.7%
Cooked Fish
42.7%
Lava Bucket
42.5%
Birch Leaves
42.3%
Pink Dye
41.9%
Sticky Piston
41.8%
% Correct
Boat
41.8%
Mushroom Stew
41.6%
Cookie
41.4%
Trapdoor
40.9%
End Stone
40.9%
Raw Fish
40.9%
Map
40.9%
Map
40.9%
Purple Dye
40.8%
Fishing Rod
40.7%
Spruce Sapling
40.5%
Orange Dye
40.3%
Lime Dye
39.9%
Saddle
39.8%
Gray Dye
39.6%
Magenta Dye
39.6%
Jungle Wool Planks
39.6%
Jungle Leaves
39.6%
Vines
39.6%
Snowball
39.2%
Cyan Dye
39%
Jukebox
38.9%
Melon Seeds
38.9%
Monster Spawner
38.7%
Fence Gate
38.7%
Pumpkin Seeds
38.5%
Magma Cream
38.5%
Light Gray Dye
38.1%
Mycelium
37.6%
Chain Helmet
37.6%
Blaze Powder
37.6%
Chain Boots
37.4%
Chain Chestplate
37.2%
Chain Leggings
37.2%
Iron Bars
36.8%
Nether Wart
36.8%
Cauldron
36.8%
Anvil
36.8%
Nether Wart
36.8%
Light Blue Dye
36.3%
Sign
36.1%
Rails
36.1%
Baked Potato
36.1%
Note Block
35%
Bricks
35%
Golden Carrot
34.8%
Cobweb
34.6%
Powered Rail
34.4%
Carrots
34.4%
Bowl
34.1%
Glass Bottle
33.7%
Glowstone Block
33.5%
Item Frame
33.5%
Cracked Stone Bricks
33.2%
Tripwire
33%
Dragon Egg
32.8%
Ender Chest
32.4%
Ladders
32.2%
Redstone Lamp
32.2%
Shears
32.2%
Fermented Spider Eye
31.7%
Lily Pad
31.5%
Head
31.1%
Poisonous Potato
30.9%
Sponge
30.6%
Dead Bush
30.2%
Cat Disc
30%
Beacon
28.9%
Spawn Egg
28.4%
Jungle Tree Sapling
28.1%
Minecart with Chest
27.6%
Detector Rail
26.9%
Minecart with Furnace
26.5%
Chiseled Stone Bricks
26.3%
FIREWORKS!!!!!!!!!!!
26.3%
Nether Star
26%
Snow Block
25.4%
Glistering Melon
25.4%
Far Disc
25.4%
13 Disk
24.3%
Tripwire Hook
23.9%
Book and Quill
23.2%
Cocoa Pod
22.5%
Bottle o' Enchanting
22.3%
11 Disk
22.3%
Carrot on a Stick
22.1%
Command Block
20.8%
Huge Brown Mushroom
19.9%
Huge Red Mushroom
19.9%
Cobblestone Wall
19.9%
Fire Charge
19.3%
Written Book
18.4%
Mall Disc
16.4%
Wait Disk
14.9%
Ward Disk
14.9%
Blocks Disc
14%
Chirp Disc
13.6%
Mellohi Disc
12.7%
Stal Disc
12.5%
Strad Disc
11.6%

You're not logged in!

Compare scores with friends on all Sporcle quizzes.
OR
Log In

You Might Also Like...

Show Comments

Extras

Created Dec 1, 2012ReportNominate
Tags:Minecraft Quiz

Top Quizzes Today


Score Distribution

Your Account Isn't Verified!

In order to create a playlist on Sporcle, you need to verify the email address you used during registration. Go to your Sporcle Settings to finish the process.

Report this User

Report this user for behavior that violates our Community Guidelines.

Details: